मानक डिक्टेशन (Record no. 3421)

MARC details
000 -LEADER
fixed length control field 01106 a2200217 4500
005 - DATE AND TIME OF LATEST TRANSACTION
control field 2008091107317.0
008 - FIXED-LENGTH DATA ELEMENTS--GENERAL INFORMATION
fixed length control field 080911t xxu||||| |||| 00| 0 hin d
010 ## - LIBRARY OF CONGRESS CONTROL NUMBER
LC control number HIN-79623
020 ## - INTERNATIONAL STANDARD BOOK NUMBER
International Standard Book Number 8173120293
Terms of availability 250.00
035 ## - SYSTEM CONTROL NUMBER
System control number HN-51969
037 ## - SOURCE OF ACQUISITION
Source of stock number/acquisition D.B.Act / pub
082 ## - DEWEY DECIMAL CLASSIFICATION NUMBER
Classification number 653.14
100 ## - MAIN ENTRY--PERSONAL NAME
Personal name गौतम, रूपचन्द
245 ## - TITLE STATEMENT
Title मानक डिक्टेशन
Statement of responsibility, etc रूपचन्द गौतम
246 ## - VARYING FORM OF TITLE
Title proper/short title Manak Dication
Remainder of title by Roopchand Gautam
260 ## - PUBLICATION, DISTRIBUTION, ETC. (IMPRINT)
Place of publication, distribution, etc दिल्ली
Name of publisher, distributor, etc श्री नटराज प्रकाशन
Date of publication, distribution, etc 2006
270 ## - ADDRESS
Address ए-507/12,करतार नगर,बाबा श्यामगिरि मार्ग,साउथ गांवड़ी एक्सटेंशन
City दिल्ली
Postal code 110 053
Telephone number 22941694
300 ## - PHYSICAL DESCRIPTION
Extent 160पृ
Dimensions 22 सेमी (सजिल्द)
942 ## - ADDED ENTRY ELEMENTS (KOHA)
Institution code [OBSOLETE] dpl
Koha item type Hindi Books
Call number prefix 653.14 / गौतम
Source of classification or shelving scheme Dewey Decimal Classification
Classification part 653.14
Call number suffix गौतम
Holdings
Withdrawn status Lost status Damaged status Not for loan Home library Current library Date acquired Cost, normal purchase price Total Checkouts Full call number Barcode Date last seen Copy number Uniform Resource Identifier Cost, replacement price Price effective from Koha item type
        D.B.Act.Division D.B.Act.Division 11/09/2008 250.00   653.14 गौतम HN-51969 15/09/2008 1 3643 250.00 15/09/2008 Hindi Books

© Delhi Public Library
Hit Counter
free hit counter